Esszék

Elmentve itt :
Bibliográfiai részletek
Szerző: Emerson, Ralph Waldo
Adatforrás:Philobibl
Dokumentumtípus: Könyv
Nyelv:magyar
Kulcsszavak:filozófia, amerikai
Megjelent: Bp. Bagolyvár K. 1995
LEADER 00553nam a2200205 c 4500
001 bibDOK00004892
005 20200924120103.4
008 060518s1995 hu hun
100 1 |a Emerson, Ralph Waldo 
245 1 0 |a Esszék  |c Emerson, Ralph Waldo 
260 |a Bp.  |b Bagolyvár K.  |c 1995 
300 |a 126 p. 
500 |a Tart.: 
500 |a Önbizalom 11-41. 
500 |a Kompenzáció 42-64. 
500 |a Körök 65-78. 
500 |a Gazdaság 79-106. 
500 |a Siker 107-126. 
500 |a Doubravszky Sándor (ford.) 
695 |a filozófia, amerikai